The legal situation of women in Southern Africa (Record no. 49087)

MARC details
000 -LEADER
fixed length control field 00838nam a2200229 a 4500
008 - FIXED-LENGTH DATA ELEMENTS--GENERAL INFORMATION
fixed length control field 120416s1990 ||||||||||||||||| || u
020 ## - INTERNATIONAL STANDARD BOOK NUMBER
International Standard Book Number 0908307152
050 ## - LIBRARY OF CONGRESS CALL NUMBER
Classification number K 644 Leg
100 ## - MAIN ENTRY--PERSONAL NAME
Personal name Armstrong, Alice
245 14 - TITLE STATEMENT
Title The legal situation of women in Southern Africa
246 ## - VARYING FORM OF TITLE
Title proper/short title women and law in Southern Africa
260 ## - PUBLICATION, DISTRIBUTION, ETC.
Place of publication, distribution, etc. Harare
Name of publisher, distributor, etc. University of Zimbabwe Publications
Date of publication, distribution, etc. 1990
300 ## - PHYSICAL DESCRIPTION
Extent xiv, 241p. : ill.
350 ## - PRICE (NR) (BK AM CF MU VM SE) [OBSOLETE]
Price 0.00
490 ## - SERIES STATEMENT
Series statement Women and law in southern Africa
490 ## - SERIES STATEMENT
Volume/sequential designation v. 2
500 ## - GENERAL NOTE
General note Includes bibliographical references.
650 ## - SUBJECT ADDED ENTRY--TOPICAL TERM
Topical term or geographic name entry element LAW
650 ## - SUBJECT ADDED ENTRY--TOPICAL TERM
Topical term or geographic name entry element WOMEN--LEGAL STATUS, LAW, ETC.--AFRICA, SOUTHERN
700 ## - ADDED ENTRY--PERSONAL NAME
Personal name Stewart, Julie (Julie E.)
995 ## - RECOMMENDATION 995 [LOCAL, UNIMARC FRANCE]
-- 0.00
-- CBU-MAIN LIBRARY (Kitwe)
-- 1
-- 11.95
-- 1
-- AVAILABLE
-- Annex Low-Usage Collection
Holdings
Withdrawn status Lost status Source of classification or shelving scheme Damaged status Not for loan Home library Current library Shelving location Date acquired Total Checkouts Full call number Barcode Date last seen Price effective from Koha item type
          CBU-MAIN LIBRARY, KITWE. CBU-MAIN LIBRARY, KITWE.   11/30/2022   K 644 Leg 023999 11/30/2022 11/30/2022 MONOGRAPH